00399nam a22001452 4500001001100000005001700011008004100028040001500069050001800084100002900102245004200131260003000173300001100203600003900214000000097120151217155806.0070222s xx 000 0 eng d aKABUcKABU 0aDT351b.S7H571 aHird, Frank.@000014942610aH. M. Stanley :bthe authorized life. aLondon :bS. Paul,c1935. a320 p.10aStanley, Henry Morton.@0000148657